000 00804cam a2200205 4500
001 WB3732-49
008 010822n2001 000 0 eng u
035 _a(Sirsi) u114252
245 _aCouncil Tax Reform campaign
260 _c2001
490 _aEstates Gazette
_v(0133) 18 August 2001, 13(1)
520 _aThe left wing of the Labour party is planning to start a campaign in autumn 2001 to lobby for an increase in council tax on high-cost homes. This would lead to a considerable increase in valuation work for the property industry. The Council Tax Reform campaign will be led by the left-wing New Policy Institute think-tank.
590 _aWB
650 _aCOUNCIL TAX
650 _aREFORM
650 _aLABOUR PARTY
650 _aValuation
_96273
690 _aTAXATION
942 _n0
999 _c68055
_d68055